| 000 | 00911nam a2200277 4500 | ||
|---|---|---|---|
| 001 | 46257 | ||
| 010 | _a9789723011937 | ||
| 021 | _b257237/07 | ||
| 090 | _a46257 | ||
| 100 | _a20081222d2006 m y0pory5003 ba | ||
| 101 | 1 | _apor | |
| 102 | _aPT | ||
| 200 | 1 |
_aNo bunker de Hitler _e23 de Julho de 1944 - 29 de Abril de 1945 _fBernd Freytag von Loringhoven, Francois d' Alançon _gtrad. Ana Rita Pereira |
|
| 210 | 9 |
_aLisboa _cPaulus, _dcop. 2006 |
|
| 215 |
_a150, [1] p. _cil. _d23 cm |
||
| 225 | 2 | _aActualidade | |
| 304 | _aTít. orig.: Dans le bunker de Hitler | ||
| 675 |
_a94(100)"1939/1945" _vBN _zpor |
||
| 675 |
_a32Hitler, Adolf _vBN _zpor |
||
| 675 |
_a355.1Loringhoven, Bernd Freytag von _vBN _zpor |
||
| 675 |
_a821.112.2-94"20" _vBN _zpor |
||
| 700 | 1 |
_aLoringhoven, _bBernd Freytag von |
|
| 701 | 1 |
_aAlan—con, _bFran—cois d' _4070 |
|
| 702 | 1 |
_aPereira, _bAna Rita _4730 |
|
| 801 | 0 |
_aPT _bBN _gRPC |
|
| 990 | _cLIVROS | ||